000 00653nam a22002057a 4500
003 KOHA_MİRAKIL
005 20260408091110.0
008 260408b tu ||||| |||| 00| 0 tur d
020 _a9786059386388
040 _aTR-AnABB
_btur
_cTR-AnABB
041 _atur
082 _a320.01
_bHAK 2021
245 0 0 _aHakikat sonrası :
_bSiyaset, felsefe, medya,uluslararası ilişkiler /
_cDerleyen: Bülent Özçelik
260 _aAnkara :
_bNika Yayınevi,
_c2021
300 _a427 sayfa ;
_c20 cm
650 0 4 _aSiyaset Felsefesi ve Kuram
700 1 _aÖzçelik, Bülent,
_ederleyen
_93333
900 _bCan ÇELIK
942 _2ddc
_cBK
999 _c10188
_d10188